000 00698nam a22002177a 4500
005 20230712090301.0
040 _curs
050 _aHF 5635 F86 2000b
245 _aFundamentals of accounting
_cBelma T. Pestaño and four others
260 _aQuezon City
_bPhoenix
_c2000
336 _2rdacontent
_atext
_btxt
337 _2rdamedia
_aunmediated
_bn
338 _2rdacarrier
_avolume
_bnc
500 _aReprinted. Originally published in 1996.
700 _95452
_aPestaño, Belma T.
_eauthor
700 _95453
_aAragon, Jocelyn J.
_eauthor
700 _95454
_aLawas, Arlene C.
_eauthor
700 _95455
_aVillanueva, Mima M.
_eauthor
700 _95456
_aReboton, Leon A.
_eauthor
942 _2lcc
_cF
999 _c69584
_d69583